The left in transition: the cuban revolution in US third world politics /
Uloženo v:
| Hlavní autor: | |
|---|---|
| Médium: | Text |
| Tagy: |
Přidat tag
Žádné tagy, Buďte první, kdo vytvoří štítek k tomuto záznamu!
|
MARC
| LEADER | 00000 a a2200000 04500 | ||
|---|---|---|---|
| 001 | 47186 | ||
| 003 | |||
| 040 | |||
| 100 | |a Gronbeck-Tedesco, John A. | ||
| 245 | |a The left in transition: |b the cuban revolution in US third world politics / |c John A. Gronbeck-Tedesco | ||
| 773 | |g volumen40, número4, (2008), páginas 651-673 | ||
| 999 | |c 34555 |d 34555 | ||
